Welcome to CU Library Online Public Access Catalogue (OPAC)

How to make it big as a consultant / (Record no. 4794)

MARC details
000 -LEADER
fixed length control field 00682cam a2200217 a 4500
001 - CONTROL NUMBER
control field 15543023
005 - DATE AND TIME OF LATEST TRANSACTION
control field 20250314125809.0
008 - FIXED-LENGTH DATA ELEMENTS--GENERAL INFORMATION
fixed length control field 081203s2009 nyua b 001 0 eng
020 ## - INTERNATIONAL STANDARD BOOK NUMBER
International Standard Book Number 9780814410325
020 ## - INTERNATIONAL STANDARD BOOK NUMBER
International Standard Book Number 0814410324
050 00 - LIBRARY OF CONGRESS CALL NUMBER
Classification number HD69.C6
Item number C57 2009
082 00 - DEWEY DECIMAL CLASSIFICATION NUMBER
Classification number 001
Edition information 22
100 1# - MAIN ENTRY--PERSONAL NAME
Personal name Cohen, William A.,
Dates associated with a name 1937-
245 10 - TITLE STATEMENT
Title How to make it big as a consultant /
Statement of responsibility, etc. William A. Cohen.
250 ## - EDITION STATEMENT
Edition statement 4th ed.
260 ## - PUBLICATION, DISTRIBUTION, ETC.
Place of publication, distribution, etc. New York :
Name of publisher, distributor, etc. American Management Association,
Date of publication, distribution, etc. c2009.
300 ## - PHYSICAL DESCRIPTION
Extent xix, 332 p. :
Other physical details ill. ;
Dimensions 23 cm.
650 #0 - SUBJECT ADDED ENTRY--TOPICAL TERM
Topical term or geographic name entry element Business consultants.
856 41 - ELECTRONIC LOCATION AND ACCESS
Materials specified Table of contents only
Uniform Resource Identifier <a href="http://www.loc.gov/catdir/toc/fy1001/2008048569.html">http://www.loc.gov/catdir/toc/fy1001/2008048569.html</a>
942 ## - ADDED ENTRY ELEMENTS (KOHA)
Source of classification or shelving scheme Library of Congress Classification
Koha item type Books
Suppress in OPAC No
999 ## -
-- 4794
-- 4794
Holdings
Withdrawn status Lost status Source of classification or shelving scheme Damaged status Not for loan Collection Home library Current library Shelving location Date acquired Total checkouts Full call number Barcode Date last seen Copy number Price effective from Koha item type Public note
    Library of Congress Classification     Non-fiction Business Library (Miotso) Business Library (Miotso) General stacks 04/28/2025   HD69.C6 COH BSSM00002077 04/28/2025 3 04/28/2025 Books  
    Library of Congress Classification     Non-fiction Undergraduate Library (Christ Temple) Undergraduate Library (Christ Temple) General stacks 03/14/2025   HD69.C6 COH ulct00001733 03/14/2025 1 03/14/2025 Books  
    Library of Congress Classification     Non-fiction Undergraduate Library (Christ Temple) Undergraduate Library (Christ Temple) General stacks 03/19/2025   HD69.C6C57 COH ulct00001786 03/19/2025 1 03/19/2025 Books  
    Library of Congress Classification       Undergraduate Library (Christ Temple) Undergraduate Library (Christ Temple)   12/09/2025   HD 69.COH GSCT00001912 12/09/2025 1 12/09/2025 Books EAQ
    Library of Congress Classification       Undergraduate Library (Christ Temple) Undergraduate Library (Christ Temple)   12/09/2025   HD 69.COH GSCT00001913 12/09/2025 2 12/09/2025 Books EAQ
© 2023-2024 Copyright: Central University Libraries. All Rights Reserved | Created by: Mahone Tech Office